| Record ID | ia:hocuspocusropesc0000perm |
| Source | Internet Archive |
| Download MARC XML | https://archive.org/download/hocuspocusropesc0000perm/hocuspocusropesc0000perm_marc.xml |
| Download MARC binary | https://www.archive.org/download/hocuspocusropesc0000perm/hocuspocusropesc0000perm_meta.mrc |
LEADER: 01145cam 2200373Ii 4500
001 ocm03524181
003 OCoLC
005 20200927205120.0
008 771230s1977 nyua 001 0 eng d
010 $a 77079506
040 $aEEX$beng$cEEX$dOCL$dOCLCQ$dOCLCF$dOCLCQ$dOCLCO
020 $a0806945761
020 $a9780806945767
020 $a080694577X
020 $a9780806945774
035 $a(OCoLC)3524181
041 1 $aeng$hdan
050 4 $aGV1559$b.D472
082 04 $a793.8
100 1 $aPermin, Ib.
245 10 $aHocus pocus :$brope and scarf tricks /$cby Ib Permin ; translated by Katherine Lunt Fluger.
250 $aRev.
260 $aNew York :$bSterling ;$aLondon :$bOak Tree,$c1977.
300 $a72 pages :$billustrations ;$c22 cm
336 $atext$btxt$2rdacontent
337 $aunmediated$bn$2rdamedia
338 $avolume$bnc$2rdacarrier
500 $aIncludes index.
500 $aTranslation of Den store tryllebog.
650 0 $aMagic tricks.
650 7 $aMagic tricks.$2fast$0(OCoLC)fst01005507
740 0 $aRope and scarf tricks.
994 $aZ0$bP4A
948 $hNO HOLDINGS IN P4A - 10 OTHER HOLDINGS